| 000 | 00964nam a22002417a 4500 | ||
|---|---|---|---|
| 005 | 20240814174534.0 | ||
| 008 | s2544 th tha d | ||
| 020 | _a9748534456 | ||
| 040 | _aNALT | ||
| 041 | _atha | ||
| 100 | 0 | _aธนะชัย ผดุงธิติ | |
| 245 | 1 | 0 | _aคำอธิบายสัญญาธุรกิจควบคุม |
| 260 | 3 |
_aกรุงเทพฯ : _bนิติรัฐ, _c2544 |
|
| 300 |
_a236 หน้า ; _b 26 ซม. |
||
| 650 | 0 | 4 | _aการคุ้มครองผู้บริโภค -- กฎหมายและระเบียบข้อบังคับ |
| 650 | 0 | 4 | _aการร่างสัญญา |
| 650 | 0 | 4 | _aคุ้มครองผู้บริโภค (พ.ร.บ.) -- 2522 |
| 650 | 0 | 4 | _aสัญญา |
| 850 | _aNALT | ||
| 942 |
_cLB _2lcc |
||
| 999 |
_c18858 _d18858 |
||
| 998 |
_j25 _k นีลวัสน์ อินทรักษา |
||
| 090 | _aKS36.2 ธ163ค 2544 | ||